Statistiques concernant Pays du Monde par ordre alphabétique

Cliquez ici pour prendre le quiz!

Statistiques générales

  • Ce quiz a été pris 2 165 fois
  • Le résultat moyen est 128 sur 196

Réponses sur la Carte

Les réponses sont colorées sur une échelle allant du rouge au vert en fonction du pourcentage des utilisateurs qui les ont devinées à leur premier essai. Vous pouvez retrouver ces pourcentages ci-dessous.
 

Statistiques - réponses

pays% Correct
Afghanistan
92%
Albanie
90%
Allemagne
87%
Algérie
86%
Afrique du Sud
85%
Andorre
84%
Australie
84%
Angola
83%
Argentine
82%
Belgique
80%
Autriche
79%
Azerbaïdjan
78%
Antigua-et-Barbuda
77%
Arménie
77%
Danemark
77%
Bahamas
76%
Hongrie
76%
Biélorussie
75%
Bolivie
75%
Brésil
75%
Canada
75%
Finlande
75%
France
75%
Honduras
74%
Belize
73%
Arabie Saoudite
72%
Bangladesh
72%
Bénin
72%
Bulgarie
72%
Chili
72%
Chine
72%
Espagne
72%
Estonie
72%
Jamaïque
72%
Kazakhstan
72%
Barbade
71%
Bosnie-Herzégovine
71%
Colombie
71%
Corée du Nord
71%
Corée du Sud
71%
Fidji
71%
Irlande
71%
Islande
71%
Japon
71%
Jordanie
71%
Bahreïn
70%
Bhoutan
70%
Birmanie
70%
Cambodge
70%
Cameroun
70%
Équateur
70%
Etats-Unis
70%
Inde
70%
Italie
70%
Kosovo
70%
Lettonie
70%
Botswana
69%
Djibouti
69%
Gabon
69%
Guatemala
69%
Guinée
69%
Guyana
69%
Kenya
69%
Lituanie
69%
Qatar
69%
Costa Rica
68%
Croatie
68%
Dominique
68%
Égypte
68%
Éthiopie
68%
Ghana
68%
Grèce
68%
Guinée-Bissau
68%
Guinée équatoriale
68%
Haïti
68%
Indonésie
68%
Kirghizistan
68%
Burkina Faso
67%
Cuba
67%
Érythrée
67%
Gambie
67%
Iran
67%
Laos
67%
Ouganda
67%
Burundi
66%
Irak
66%
Koweït
66%
Namibie
66%
Oman
66%
Ouzbékistan
66%
Rwanda
66%
Yémen
66%
Zimbabwe
66%
Brunei
65%
Géorgie
65%
Kiribati
65%
Luxembourg
65%
Macédoine du Nord
65%
Madagascar
65%
Mexique
65%
Norvège
65%
Paraguay
65%
Portugal
65%
République {du Congo}
65%
Russie
65%
Uruguay
65%
Vatican
65%
Venezuela
65%
Cap-Vert
64%
Eswatini
64%
Liechtenstein
64%
Maroc
64%
Niger
64%
Nigeria
64%
Nouvelle-Zélande
64%
Pérou
64%
Pologne
64%
Roumanie
64%
Zambie
64%
Comores
63%
Émirats arabes unis
63%
Grenade
63%
Liban
63%
Libye
63%
Mali
63%
Mauritanie
63%
République {dominicaine}
63%
République {tchèque}
63%
Ukraine
63%
Chypre
62%
Lesotho
62%
Liberia
62%
Malte
62%
Moldavie
62%
Nauru
62%
Népal
62%
Nicaragua
62%
Pakistan
62%
Palaos
62%
Côte d'Ivoire
61%
Israël
61%
Monaco
61%
Mongolie
61%
Monténégro
61%
Panama
61%
Vanuatu
61%
Malaisie
60%
Mozambique
60%
Papouasie-
Nouvelle-Guinée
60%
Royaume-Uni
60%
Suède
60%
Viêt Nam
60%
Malawi
59%
Pays-Bas
59%
République {Centrafricaine}
59%
Suisse
59%
Suriname
59%
Saint-Marin
58%
Slovaquie
58%
Slovénie
58%
Turquie
58%
Philippines
57%
Soudan
57%
Soudan du Sud
57%
Tuvalu
57%
Îles Marshall
56%
Maldives
56%
Micronésie
56%
Serbie
56%
Tadjikistan
56%
Tanzanie
56%
Tunisie
56%
Turkménistan
56%
Salvador
55%
Somalie
55%
Saint-Christophe-
et-Niévès
54%
Sainte-Lucie
54%
Saint-Vincent-et-
les-Grenadines
54%
Sénégal
54%
Thaïlande
54%
Togo
54%
Samoa
53%
Sri Lanka
53%
Taïwan
53%
Tonga
53%
Salomon
52%
Tchad
52%
Syrie
51%
Trinité-et-Tobago
51%
République {démocratique
du Congo}
50%
Sao Tomé-et-Principe
49%
Seychelles
49%
Sierra Leone
49%
Singapour
49%
Timor-Leste
49%
Île Maurice
48%

Distribution des résultats

Percentile par nombre de réponses

% des personnes avec chaque résultat

Votre développement - résultats

Vous n’avez pas pris ce quiz